000 00328nam a2200109 4500
008 b xx# fre u
040 _aLB-BrCRDP
082 1 _a107
_bMOR
245 1 0 _aVocabulaire de la philosophie et des sciences humaines
_cLouis-Marie Morfaux
942 _cBK
999 _c9525
_d9525